[Event "Hamburg Robinow op"]
[Site "Hamburg"]
[Date "2005.10.08"]
[Round "8"]
[White "Liau, Kelly"]
[Black "Schuemann, Knut"]
[Result "0-1"]
[WhiteElo "1505"]
[BlackElo "1701"]
[PlyCount "54"]
[EventDate "2005.10.01"]
[EventType "swiss"]
[EventRounds "9"]
[EventCountry "GER"]
[SourceTitle "CBM 108 Extra"]
[Source "ChessBase"]
[SourceDate "2005.11.04"]
[SourceVersion "1"]
[SourceVersionDate "2005.11.04"]
[SourceQuality "1"]

1. d4 Nf6 2. c4 e5 3. d5 Bc5 4. Nc3 d6 5. Qc2 h6 6. h3 0-0 7. e4 a5 8. Bd3 Na6 9. a3 Bd7 10. Nge2 Nh5 11. 0-0 Qh4 12. Nd1 Ng3 13. Nxg3 Qxg3 14. Kh1 Qh4 15. f4 Bxh3 16. gxh3 Qxh3+ 17. Qh2 Qxd3 18. Qg2 f5 19. fxe5 fxe4 20. Rf6 Qxd1+ 21. Kh2 Qh5+ 22. Qh3 Qxh3+ 23. Kxh3 gxf6 24. Bxh6 fxe5 25. Re1 Rf6 26. Bg5 Rf5 27. Kg4 Raf8 0-1

[Event "Hamburg Robinow op"]
[Site "Hamburg"]
[Date "2005.10.07"]
[Round "7"]
[White "Schuemann, Knut"]
[Black "Hoefner, Nina"]
[Result "1-0"]
[WhiteElo "1701"]
[BlackElo "1584"]
[PlyCount "67"]
[EventDate "2005.10.01"]
[EventType "swiss"]
[EventRounds "9"]
[EventCountry "GER"]
[SourceTitle "CBM 108 Extra"]
[Source "ChessBase"]
[SourceDate "2005.11.04"]
[SourceVersion "1"]
[SourceVersionDate "2005.11.04"]
[SourceQuality "1"]

1. d4 Nf6 2. e3 g6 3. Bd3 Bg7 4. Nf3 0-0 5. h3 d6 6. 0-0 Re8 7. Re1 e5 8. dxe5 dxe5 9. e4 Nc6 10. c3 Nh5 11. Bg5 Ne7 12. Bb5 Qxd1 13. Rxd1 c6 14. Bc4 b5 15. Bb3 h6 16. Be3 a5 17. a3 Rb8 18. Bc5 a4 19. Ba2 Ba6 20. Nbd2 Nf4 21. Nf1 Rb7 22. Rd2 g5 23. Rad1 Nfg6 24. Rd8 Rb8 25. R8d7 Kf8 26. Ng3 Bc8 27. Rc7 Kg8 28. Nf5 Bf8 29. Nxe7+ Bxe7 30. Bxe7 Nxe7 31. Nxe5 Be6 32. Bxe6 fxe6 33. Rdd7 Kf8 34. Rxe7 1-0

[Event "Hamburg Robinow op"]
[Site "Hamburg"]
[Date "2005.10.03"]
[Round "3"]
[White "Schuemann, Knut"]
[Black "Hauser, Christow"]
[Result "1/2-1/2"]
[WhiteElo "1701"]
[BlackElo "1613"]
[PlyCount "34"]
[EventDate "2005.10.01"]
[EventType "swiss"]
[EventRounds "9"]
[EventCountry "GER"]
[SourceTitle "CBM 108 Extra"]
[Source "ChessBase"]
[SourceDate "2005.11.04"]
[SourceVersion "1"]
[SourceVersionDate "2005.11.04"]
[SourceQuality "1"]

1. d4 Nf6 2. e3 e6 3. Bd3 b6 4. Nf3 Bb7 5. Nbd2 c5 6. c3 Qc7 7. 0-0 Be7 8. Re1 a6 9. e4 d5 10. e5 Nfd7 11. Nf1 h6 12. Bd2 Nc6 13. a3 Na5 14. Rb1 Bc6 15. Bf4 Nc4 16. N3d2 b5 17. h3 Nxd2 1/2-1/2

[Event "Hamburg Robinow op"]
[Site "Hamburg"]
[Date "2005.10.01"]
[Round "1"]
[White "Schuemann, Knut"]
[Black "Meyer, Hans Georg"]
[Result "1-0"]
[WhiteElo "1701"]
[BlackElo "1376"]
[PlyCount "51"]
[EventDate "2005.10.01"]
[EventType "swiss"]
[EventRounds "9"]
[EventCountry "GER"]
[SourceTitle "CBM 108 Extra"]
[Source "ChessBase"]
[SourceDate "2005.11.04"]
[SourceVersion "1"]
[SourceVersionDate "2005.11.04"]
[SourceQuality "1"]

1. d4 Nf6 2. Nf3 e6 3. e3 d5 4. Bd3 c5 5. c3 c4 6. Bc2 Nc6 7. Nbd2 g6 8. e4 Bg7 9. 0-0 0-0 10. e5 Nd7 11. Re1 f6 12. exf6 Nxf6 13. Nf1 b5 14. a3 Qd7 15. Bd2 Qf7 16. Ng5 Qe8 17. Qe2 Nd8 18. Ng3 a6 19. Bf4 Qc6 20. Be5 Ra7 21. h4 Nf7 22. Bxf6 Bxf6 23. Nxh7 Kxh7 24. Qh5+ Kg8 25. Qxg6+ Bg7 26. Qh7# 1-0